000 00285nam a2200121Ia 4500
008 190216s9999||||xx |||||||||||||| ||und||
100 _aO N V Kurup
245 0 _aUppu
260 _bSahithya Pravarthaka Sahakarana Sangam
_c1987
300 _a127p
650 _aKavithakal
942 _cBK
999 _c25633
_d25633